Oceanography : a view of earth

Saved in:
Bibliographic Details
Main Author: Gross, Meredith Grant 1933-
Other Authors: Gross, Elizabeth R.
Format: Book
Language:English
Published: Upper Saddle River : Prentice Hall, c1996
Edition:7th ed.
Subjects:
Tags: Add Tag
No Tags, Be the first to tag this record!

MARC

LEADER 00000nam a2200000 i 4500
001 1/70168
008 981119s1996 eng d
020 |a 0-13-231788-5 
035 |l 10030567 
040 |a GR-MY-UA  |b gre  |e aacr 
041 0 |a eng 
082 0 |a 551.46 
100 1 |a Gross, Meredith Grant  |d 1933- 
245 1 0 |a Oceanography :  |b a view of earth /  |c M. Grant Gross; Elizabeth Gross 
250 |a 7th ed. 
260 |a Upper Saddle River :   |b Prentice Hall,   |c c1996 
300 |a 472 p.  |b fig. 
504 |a Includes bibliographical references and index 
650 0 0 |a Oceanography. 
700 1 |a Gross, Elizabeth R. 
852 |a INST  |b LESVOS  |e 19990324  |h 551.46 GRO  |p 005100017038  |q 005100017038  |t BK  |y 0 
852 |a INST  |b LESVOS  |e 19981119  |h 551.46 GRO  |p 005100018034  |q 005100018034  |t BK  |y 0 
901 |a BIBL-1998-3 
909 |a Λ  |b 059918 
909 |a Λ  |b 061933 
922 |a 1ΕΛΗ  |b 199810  |c ΚΠΣ/ΤΠ  |d ΠΑΠΑΣΩΤΗΡΙΟΥ 
922 |a 1ΕΛΗ  |b 199812  |c ΚΠΣ/ΤΕΘ  |d ΠΑΠΑΣΩΤΗΡΙΟΥ 
950 |a 107-1998-07-18 
950 |a 134-1998-07-29